000 00421cam a2200169ua 4500
020 _c325.00
041 _aeng
_h
082 _a670
_bSIN/FU
100 _aSingh, D.K .
245 _aFundamentals of manufacturing engineering /
_cD.K Singh.
_hTextual Documents
260 _aNew Delhi :
_bAne Books India ,
_c2008.
300 _a ; .
365 _a325.00
504 _a
942 _cBK
999 _c13516
_d13516